| 000 | 00520nam a22001457a 4500 | ||
|---|---|---|---|
| 008 | 230316b |||||||| |||| 00| 0 eng d | ||
| 040 |
_aNational Science Library _cNational Science Library |
||
| 080 |
_aD 03(026):669 _bK2 |
||
| 245 |
_aGuide to scientific and technical reference work: _bMetal science and metallurgical processes section _c/ Commercial Press |
||
| 260 |
_aAmerica: _bCommercial Press, _c1962 |
||
| 300 | _a14p. | ||
| 650 | _aInformation science | ||
| 700 | _aJi-Sheng, Zhao (Comp.) | ||
| 942 |
_2udc _cMX |
||
| 999 |
_c10277 _d10277 |
||